Central Library OPAC University of Rajshahi
Normal view MARC view

Entry Personal Name

Number of records used in: 1

001 - CONTROL NUMBER

  • control field: 6792

003 - CONTROL NUMBER IDENTIFIER

  • control field: BD-RjUL

005 - DATE AND TIME OF LATEST TRANSACTION

  • control field: 20230131152945.0

008 - FIXED-LENGTH DATA ELEMENTS

  • fixed length control field: 230131|| aca||aabn | a|a d

040 ## - CATALOGING SOURCE

  • Original cataloging agency: BD-RjUL
  • Transcribing agency: BD-RjUL

100 ## - HEADING--PERSONAL NAME

  • Personal name: ʿImārah, Muṣṭafá Muḥammad

670 ## - SOURCE DATA FOUND

  • Source citation: Work cat.: (BD-RjUL)81153: Mundhirī, ʿAbd al-ʿAẓīm ibn ʿAbd al-Qawī, 1185-1258 6791, الترغيب والترهيب من الحديث / al-Targhīb wa-al-tarhīb min al-ḥadīth /